Former Dominions of the British Empire - Statistics

General Stats
  • This quiz has been taken 24,251 times
  • The average score is 6 of 9
Answer Stats
Start End Dominion % Correct
1947 1950 India
92%
1901 1953 Australia
90%
1867 1953 Canada
90%
1907 1953 New Zealand
84%
1910 1953 South Africa
75%
1947 1953 Pakistan
66%
1922 1949 Irish Free State / Éire
58%
1948 1953 Ceylon
36%
1907 1949 Newfoundland
21%
No matching quizzes found
Score Distribution
Percent of People with Each Score
Percentile by Number Answered
Your Score History
You have not taken this quiz